| Tag |
First Indicator |
Second Indicator |
Subfields |
| LEADER |
00000cam a2200000 a 4500 |
| 001 |
in00000028088 |
| 005 |
20151007055956.0 |
| 008 |
870928s1987 ne a b 10110 eng |
| 010 |
|
|
|a 87027577
|
| 020 |
|
|
|a 0444428968 (U.S.)
|
| 035 |
|
|
|a (OCoLC)16832027
|
| 035 |
|
|
|9 AAB9777AM
|
| 040 |
|
|
|a DLC
|c DLC
|d TXA
|d UtOrBLW
|
| 049 |
|
|
|a TXAM
|c [A11495590]
|
| 050 |
0 |
0 |
|a TA349
|b .T43 1987
|
| 082 |
0 |
|
|a 620.1
|2 19
|
| 111 |
2 |
|
|a Technical Sessions on Developments in Engineering Mechanics
|d (1987 :
|c Montréal, Québec)
|
| 245 |
1 |
0 |
|a Developments in engineering mechanics :
|b proceedings of the Technical Sessions on Developments in Engineering Mechanics held at the Canadian Society for Civil Engineering Centennial Conference, Montreal, Quebec, Canada, May 18-22, 1987 /
|c edited by A.P.S. Selvadurai.
|
| 264 |
|
1 |
|a Amsterdam ;
|a New York :
|b Elsevier ;
|c 1987.
|
| 264 |
|
2 |
|a New York, NY, U.S.A. :
|b Elsevier Science [U.S. & Canadian distributor],
|
| 300 |
|
|
|a viii, 468 pages :
|b illustrations ;
|c 25 cm.
|
| 336 |
|
|
|a text
|b txt
|2 rdacontent
|
| 337 |
|
|
|a unmediated
|b n
|2 rdamedia
|
| 338 |
|
|
|a volume
|b nc
|2 rdacarrier
|
| 490 |
1 |
|
|a Studies in applied mechanics ;
|v 16
|
| 500 |
|
|
|a "Technical sessions sponsored by the Engineering Mechanics Division of the Canadian Society for Civil Engineering."
|
| 504 |
|
|
|a Includes bibliographies and indexes.
|
| 650 |
|
0 |
|a Mechanics, Applied
|v Congresses.
|
| 700 |
1 |
|
|a Selvadurai, A. P. S.
|
| 710 |
2 |
|
|a Canadian Society for Civil Engineering.
|b Engineering Mechanics Division.
|
| 710 |
2 |
|
|a Canadian Society for Civil Engineering.
|b Centennial Conference
|d (1987 :
|c Montréal, Québec)
|
| 830 |
|
0 |
|a Studies in applied mechanics ;
|v 16.
|
| 999 |
|
|
|a MARS
|
| 999 |
f |
f |
|s cdf79fc3-18da-3cf1-97f9-f1b963144b3f
|i 85ac0b69-14d2-337d-b9dd-10e3cb74f652
|t 0
|
| 952 |
f |
f |
|p ric
|a Texas A&M University
|b Rellis Campus
|c Joint Library Facility
|d Remote Storage
|t 0
|e TA349 .T43 1987
|h Library of Congress classification
|i unmediated -- volume
|m A14811495590
|
| 998 |
f |
f |
|a TA349 .T43 1987
|t 0
|l Remote Storage
|